Loading...
| Science - Chemistry | 0 | 7 | 0 | 1 | 70 | 65 | 89.00 | 0 | 2 |
| Science - Physics | 0 | 5 | 2 | 0 | 40 | 51 | 75.20 | 2 | 2 |
| Fine Arts - Classical Music | 0 | 5 | 2 | 0 | 40 | 17 | 51.60 | 5 | 5 |
| Social Science | 0 | 2 | 0 | 0 | 20 | 80 | 88.00 | 0 | 0 |
| Fine Arts - Painting and Sculpture | 0 | 2 | 0 | 1 | 20 | 66 | 90.00 | 0 | 1 |
| Science - Other Science | 0 | 3 | 2 | 1 | 20 | 46 | 99.00 | 1 | 1 |
| Literature - American Literature | 0 | 1 | 0 | 0 | 10 | 56 | 56.00 | 0 | 1 |
| Other Academic | 0 | 1 | 0 | 0 | 10 | 58 | 58.00 | 0 | 1 |
| Science - Biology | 0 | 1 | 1 | 0 | 5 | 116 | 116.00 | 0 | 0 |
| Philosophy | 0 | 1 | 1 | 0 | 5 | 58 | 58.00 | 0 | 1 |
| Mythology | 0 | 0 | 1 | 0 | -5 | 0.00 | 0 | 0 | |
| Religion | 0 | 0 | 1 | 0 | -5 | 0.00 | 0 | 0 | |
| Literature - European Literature | 0 | 0 | 1 | 0 | -5 | 0.00 | 0 | 0 |